Автоматизация расчётов цилиндрических зубчатых передач с косыми зубьями; Высокие технологии в современной науке и технике; Т. 2

Dades bibliogràfiques
Parent link:Высокие технологии в современной науке и технике: сборник научных трудов II Всероссийской научно-технической конференции молодых ученых, аспирантов и студентов с международным участием, Томск, 27-29 марта 2013 г/ Национальный исследовательский Томский политехнический университет (ТПУ).— , 2013
Т. 2.— 2013.— [С. 184-187]
Autor principal: Букатин А. Д.
Sumari:Заглавие с титульного экрана
Idioma:rus
Publicat: 2013
Col·lecció:Проблемы надежности машиностроения и машиностроительные технологии
Matèries:
Accés en línia:http://www.lib.tpu.ru/fulltext/c/2013/C17/V2/064.pdf
Format: MixedMaterials Electrònic Capítol de llibre
KOHA link:https://koha.lib.tpu.ru/cgi-bin/koha/opac-detail.pl?biblionumber=235824

MARC

LEADER 00000naa2a2200000 4500
001 235824
005 20260105141417.0
035 |a (RuTPU)RU\TPU\book\256966 
035 |a RU\TPU\book\256963 
090 |a 235824 
100 |a 20130417d2013 k y0rusy50 ca 
101 0 |a rus 
102 |a RU 
135 |a drcn ---uucaa 
181 0 |a i  
182 0 |a b 
200 1 |a Автоматизация расчётов цилиндрических зубчатых передач с косыми зубьями  |f А. Д. Букатин 
203 |a Текст  |c электронный 
225 1 |a Проблемы надежности машиностроения и машиностроительные технологии 
300 |a Заглавие с титульного экрана 
320 |a [Библиогр.: с. 186-187 (4 назв.)] 
337 |a Adobe Reader 
461 1 |0 (RuTPU)RU\TPU\book\256460  |t Высокие технологии в современной науке и технике  |o сборник научных трудов II Всероссийской научно-технической конференции молодых ученых, аспирантов и студентов с международным участием, Томск, 27-29 марта 2013 г  |o в 2 т.  |f Национальный исследовательский Томский политехнический университет (ТПУ)  |d 2013 
463 1 |0 (RuTPU)RU\TPU\book\256473  |t Т. 2  |v [С. 184-187]  |d 2013 
610 1 |a труды учёных ТПУ 
610 1 |a электронный ресурс 
610 1 |a автоматизация 
610 1 |a расчеты 
610 1 |a цилиндрические зубчатые передачи 
610 1 |a зубья 
700 1 |a Букатин  |b А. Д. 
801 2 |a RU  |b 63413507  |c 20131118  |g RCR 
856 4 |u http://www.lib.tpu.ru/fulltext/c/2013/C17/V2/064.pdf 
942 |c CF